000 00820pam a2200253 a 4500
999 _c18135
_d18135
001 3855753
005 20161202154649.0
008 880524s1988 nyua 001 0 eng
010 _a 88017280
020 _a0823029948 :
_c$27.50
040 _aDLC
_cDLC
_dDLC
050 0 0 _aND1290.B76 1988
_b.B76 1988
082 0 0 _219
100 1 _aBrowning, Colleen.
245 1 0 _aWorking out a painting /
_cColleen Browning.
260 _aNew York :
_bWatson-Guptill Publications,
_c1988.
300 _a144 p. :
_bill. (some col.) ;
_c29 cm.
500 _aIncludes index.
650 0 _aHuman figure in art.
650 0 _aPainting
_xTechnique.
906 _a7
_bcbc
_corignew
_d1
_eocip
_f19
_gy-gencatlg
942 _2lcc
_cBOOKS
_hND1290.B76 1988